| 000 | 00552nam a2200229Ia 4500 | ||
|---|---|---|---|
| 003 | 0100 | ||
| 008 | 130303s9999 xx 000 0 und d | ||
| 020 | _a0043700403 | ||
| 040 | _cARRUPELIB | ||
| 050 | _aLB1025.2.S27 1972 | ||
| 100 | _aSchofield, Harry | ||
| 245 | 4 | _aThe philosophy of education | |
| 245 | _ban introduction | ||
| 260 | _aLondon | ||
| 260 | _bGeorge Allen and Unwin | ||
| 260 | _C1972 | ||
| 300 | _a288p. | ||
| 300 | _b 22cm. | ||
| 440 | _aUnwin education books; no. 6 | ||
| 650 | _bMacmurray, John | ||
| 942 |
_2lcc _03 |
||
| 999 |
_c65540 _d65540 |
||